000 01066nam a2200349 a 4500
003 AR-BaBNM
005 20251128210349.0
008 082120s2002 ||||||||||||||000 | spa||
020 _a987-9336-21-6
040 _cAR-BaBNM
245 0 0 _aDardo Rocha
_bfundador y parlamentario
260 _aBuenos Aires
_bCírculo de Legisladores de la Nación Argentina
_c1999
300 _a95 p.
490 0 _aVidas, ideas y obras de los legisladores argentinos
_vv. 31
500 _aContiene textos parlamentarios de Dardo Rocha
504 _aBibliografía p. 25-26
600 1 4 _aHernández, José
600 1 4 _aJuarez, Celman
600 1 4 _aRocha, Dardo
650 4 _aHISTORIA ARGENTINA
650 4 _aBIOGRAFIAS
650 4 _aHISTORIA POLITICA ARGENTINA
650 4 _aLEGISLACION ARGENTINA
650 4 _aSIGLO DIECINUEVE
650 4 _aHISTORIA CULTURAL
650 4 _aPARTIDOS POLITICOS ARGENTINOS
655 _aBIOGRAFIAS
700 1 _aUrriza, Manuel
_eprologuista
800 1 _aMárquez, Alfonso Carlos
_edirector
942 _cBK
998 _cMariana
999 _c15150
_d15150